00565ntaaa2200193 45000030003000000050017000030080021000200200015000410400037000560820018000932450029001112500010001402600055001503000019002056500019002249420007002439990017002509520104002670120251027201622.00714s1973 ag 01  a031110018X aAR-BaBNbspacAR-BaBNeaacrdRIC a248.4000 D54d aDialogo teologico No. 18 a1 ed. aEl Paso : bCasa Bautista de Publicaciones, c1981 a96 p ; c21 cm avida cristiana cBK c10849d10849 00104070aBPbBPd2025-10-27i39085l0o248.4000 D54dp39085r2025-10-27 20:16:22w2025-10-27yBK